000 00590nam a2200217 a 4500
001 BRCA_6252
005 20190320205402.0
008 210711s1912----gw-a######---#000-0#ger-#
041 _ager
044 _agw
050 4 _aPT2638
_b.M5 V9
_c1912
100 1 _aErnst, Otto
_915701
245 1 0 _aVom grüngoldenen Baum
_bHumoristische Plaudereien
_cvon Otto Ernst.
260 _aLeipzig, Alemania
_bL. Staackann
_c1912
300 _a190 p.
_bil.
_c19 cm.
500 _aEdición con cantos dorados
500 _aK115
650 1 4 _aLiteratura Alemana
_96160
902 _aGFM
942 _2lcc
_cB
999 _c5939
_d5939